| 000 | 00917cam a2200241 4500 | ||
|---|---|---|---|
| 001 | WB3725-12 | ||
| 008 | 000000n2001 000 0 eng u | ||
| 035 | _a(Sirsi) u113304 | ||
| 245 | _aDemand for property slows | ||
| 260 | _c2001 | ||
| 490 |
_aProperty Week _v66(25) 22 June 2001, 8(1) |
||
| 520 | _aThe latest "CBI/GVA Grimley Survey of Property Trends" indicates a slowdown in occupier demand for property; 29% of companies increased their property holdings in the last six months, a drop from 37% in the previous six month period. Concerns about the economy have driven companies to cut back on expansion plans. | ||
| 590 | _aWB | ||
| 650 | _aPROPERTY HOLDINGS | ||
| 650 | _aECONOMY | ||
| 650 | _aCBI / GRIMLEY SURVEY | ||
| 650 | _aOCCUPIERS | ||
| 650 | _aPROPERTY REQUIREMENTS | ||
| 650 | _aCOMPANIES | ||
| 650 | _aPROPERTY CONFIDENCE | ||
| 690 | _aPROPERTY-COMMERCIAL PROPERTY | ||
| 942 | _n0 | ||
| 999 |
_c67491 _d67491 |
||